Online Catalogue and eLibrary

Image Journeys: (Record no. 1115)

MARC details
000 -LEADER
fixed length control field 00532nam a2200193Ia 4500
005 - DATE AND TIME OF LATEST TRANSACTION
control field 20250319055803.0
008 - FIXED-LENGTH DATA ELEMENTS--GENERAL INFORMATION
fixed length control field 240331s9999 xx 000 0 und d
020 ## - INTERNATIONAL STANDARD BOOK NUMBER
ISBN 0761993258
082 ## - DDC Classification
Class No. 302.23
Item Number - Author Mark IMA
DDC Edition Number 4170
245 #0 - TITLE STATEMENT
Title Image Journeys:
Remainder of title Audio-Visual Media and Cultural Change in India
260 ## - PUBLICATION, DISTRIBUTION, ETC.
Place of publication, distribution, etc. New Delhi;
-- California;
-- London,
Name of publisher, distributor, etc. SAGE Publications
Date of publication, distribution, etc. 1999
300 ## - PHYSICAL DESCRIPTION
Extent (e.g. Volumes, Pages etc.) 339 p.,
650 ## - SUBJECT ADDED ENTRY--TOPICAL TERM
Topical term or geographic name entry element Media
650 ## - SUBJECT ADDED ENTRY--TOPICAL TERM
Topical term or geographic name entry element Sexuality
650 ## - SUBJECT ADDED ENTRY--TOPICAL TERM
Topical term or geographic name entry element Feminism
700 ## - ADDED ENTRY--PERSONAL NAME
Personal name Brosius, C
Relator term (Role) Editor
700 ## - ADDED ENTRY--PERSONAL NAME
Personal name Butcher, M
Relator term (Role) Editor
942 ## - Koha item type (Biblio)
Koha item type Books in Stacks (Lending)
Holdings
Lost status Damaged status Collection code Home library Current library Shelving location Date acquired Full call number Accession Number Item type
    Lending WERC Library WERC Library Social Science Cupboard 03/31/2024 302.23 IMA 4170 Books in Stacks (Lending)

© WERC Library